[Event "ICS Rated blitz match"]
[Site "207.99.83.229"]
[Date "1999.06.22"]
[Round "?"]
[White "Hossa"]
[Black "Delphi4"]
[Result "1-0"]
[WhiteElo "2328"]
[BlackElo "2159"]
[PlyCount "65"]

1. e4 c5 2. Nc3 Nc6 3. Bb5 Nd4 4. Bc4 a6 5. Nge2 b5 6. Bd5 Rb8 7. d3 e6 8. Bb3
Nxb3 9. axb3 d6 10. O-O Nf6 11. Bf4 Be7 12. e5 dxe5 13. Bxe5 Rb6 14. Qc1 Bb7
15. Qg5 O-O 16. Bxf6 Bxf6 17. Qxc5 Rc6 18. Qa7 Rc7 19. Qb6 b4 20. Qxb4 Qa8 21.
Qf4 Rfc8 22. Qg4 h5 23. Qg3 h4 24. Qg4 Rc5 25. f4 g6 26. Rac1 Kg7 27. d4 Rh5
28. Qh3 Rd8 29. Rfd1 g5 30. Qg4 Kh6 31. fxg5+ Rxg5 32. Qxh4+ Rh5 33. Qxf6+ {
Delphi4 resigns} 1-0

[Event "ICS Rated bullet match"]
[Site "207.99.83.229"]
[Date "1999.06.22"]
[Round "?"]
[White "Hossa"]
[Black "JSBach"]
[Result "1-0"]
[WhiteElo "2434"]
[BlackElo "2057"]
[PlyCount "95"]

1. e4 e5 2. Nf3 Nc6 3. Bb5 Qf6 4. Nc3 Nge7 5. Ba4 Nd4 6. Nxd4 exd4 7. Nb5 Qc6
8. c3 Qxe4+ 9. Kf1 Nd5 10. d3 Qe5 11. Nxd4 Bc5 12. Nf3 Qe6 13. c4 Nb6 14. Bf4
c6 15. Bc2 O-O 16. Qd2 d5 17. Re1 Qg4 18. Ne5 Qe6 19. Nf3 Qf6 20. Be5 Qd8 21.
d4 Nxc4 22. Qd3 Bf5 23. Qxf5 g6 24. Qf6 Nxe5 25. Qxe5 Bd6 26. Qe3 Qa5 27. Bb3
Rad8 28. Kg1 Rd7 29. Qh6 Rfd8 30. Re3 Bf8 31. Qg5 Qa6 32. Ne5 h6 33. Qf4 Re7
34. Qf6 Qb6 35. Nxg6 fxg6 36. Rxe7 Bxe7 37. Qxg6+ Kf8 38. Qxh6+ Kg8 39. Qe6+
Kf8 40. Qe5 Re8 41. Bc2 Bd8 42. Qd6+ Kg8 43. Qg6+ Kf8 44. Qh6+ Ke7 45. Bg6 Kd7
46. Bf5+ Ke7 47. Qg7+ Kd6 48. Qd7# {JSBach checkmated} 1-0

[Event "ICS Rated standard match"]
[Site "207.99.83.229"]
[Date "1999.06.22"]
[Round "?"]
[White "Hossa"]
[Black "Beadle"]
[Result "0-1"]
[WhiteElo "2207"]
[BlackElo "2447"]
[PlyCount "169"]

1. e4 c6 2. d4 d5 3. exd5 cxd5 4. c3 Bf5 5. Nf3 Nf6 6. Bd3 Bxd3 7. Qxd3 Qb6 8.
O-O e6 9. c4 Qa6 10. Ne5 Nc6 11. Nd2 Nxe5 12. dxe5 Nd7 13. Qb3 d4 14. Nf3 Rc8
15. Qb5 Rxc4 16. Qxa6 bxa6 17. b3 Rc5 18. Bf4 Rd5 19. Rac1 Bc5 20. b4 Be7 21.
Rfd1 d3 22. Rc8+ Bd8 23. Bg5 f6 24. exf6 gxf6 25. Be3 e5 26. Ra8 a5 27. bxa5
Rxa5 28. Rxa7 Rxa7 29. Bxa7 Be7 30. Nh4 Bc5 31. Bxc5 Nxc5 32. f3 Kd7 33. Nf5
Rb8 34. Rd2 Ke6 35. g4 Rb7 36. Kf2 h5 37. h3 hxg4 38. hxg4 Rb1 39. Ng3 Kd5 40.
Kg2 Kd4 41. Rf2 Rc1 42. Nf5+ Kc3 43. Ne3 d2 44. Nd5+ Kd3 45. Nb4+ Kc4 46. Rxd2
Kxb4 47. Rb2+ Ka3 48. Rb6 e4 49. fxe4 Nxe4 50. Ra6+ Kb4 51. Kf3 Kb5 52. Ra8
Ng5+ 53. Ke2 Rc2+ 54. Kd3 Rg2 55. Rb8+ Kc5 56. Rf8 Rg3+ 57. Kc2 Ne4 58. Rg8 Kc4
59. Rc8+ Kd4 60. Rd8+ Ke5 61. Re8+ Kf4 62. Kb2 Rxg4 63. a4 Rg7 64. Ka3 Ra7 65.
Kb4 Rb7+ 66. Ka3 Nd6 67. Ra8 Nc4+ 68. Ka2 Rb4 69. Ra7 f5 70. Ka1 Ke4 71. Ka2 f4
72. Rd7 f3 73. Rd8 f2 74. Rf8 Ke3 75. Re8+ Kf3 76. Rf8+ Ke2 77. Re8+ Kd2 78.
Rf8 Rb2+ 79. Ka1 Kc1 80. Rf3 Na3 81. Rxa3 f1=Q 82. Rc3+ Rc2 83. Rxc2+ Kxc2+ 84.
Ka2 Qb1+ 85. Ka3 {Hossa resigns} 0-1

[Event "ICS Rated blitz match"]
[Site "207.99.83.229"]
[Date "1999.06.22"]
[Round "?"]
[White "Secret"]
[Black "Hossa"]
[Result "1-0"]
[WhiteElo "2671"]
[BlackElo "2337"]
[PlyCount "83"]

1. d4 d5 2. c4 e6 3. Nc3 Nf6 4. Bg5 Be7 5. e3 h6 6. Bh4 O-O 7. Nf3 Nc6 8. Bd3
dxc4 9. Bxc4 Bd7 10. O-O Ng4 11. Bg3 Bb4 12. Nb5 Ba5 13. Nd2 Nf6 14. Nb3 Bb6
15. Qf3 a6 16. Nc3 Qe7 17. Bh4 g5 18. Bg3 Rab8 19. Nd2 e5 20. Nde4 Nxe4 21.
Qxe4 Qf6 22. dxe5 Qf5 23. Qxf5 Bxf5 24. Nd5 Ba5 25. Rfc1 Bd2 26. Rd1 Ba5 27. e4
Bc8 28. a3 b5 29. Bf1 Kh8 30. Rac1 Bb7 31. b4 Bb6 32. Nxb6 cxb6 33. e6 fxe6 34.
Bxb8 Nxb8 35. Rd6 Re8 36. f3 g4 37. Rc7 Ba8 38. Rxb6 Kg8 39. Re7 Rxe7 40. Rxb8+
Kh7 41. Rxa8 gxf3 42. gxf3 {Hossa resigns} 1-0

[Event "ICS Rated blitz match"]
[Site "207.99.83.229"]
[Date "1999.06.22"]
[Round "?"]
[White "Hossa"]
[Black "StrongBach"]
[Result "1-0"]
[WhiteElo "2333"]
[BlackElo "1881"]
[PlyCount "91"]

1. d4 d5 2. c4 dxc4 3. e4 Nf6 4. Nc3 Bg4 5. f3 Bd7 6. Bxc4 Bc6 7. d5 Bd7 8.
Nge2 c6 9. Qb3 cxd5 10. Nxd5 e6 11. Qxb7 exd5 12. exd5 Na6 13. Qxa6 Bb4+ 14.
Kf2 Nh5 15. Be3 Rc8 16. b3 O-O 17. a3 Be7 18. Bxa7 Re8 19. Bb6 Bc5+ 20. Bxc5
Rxc5 21. Qd6 Rc8 22. Rhe1 Qh4+ 23. Kg1 Bf5 24. Ng3 Qd4+ 25. Kh1 Nxg3+ 26. Qxg3
Qb2 27. d6 g6 28. a4 Red8 29. Rad1 Qf6 30. Qe5 Qg7 31. Qxg7+ Kxg7 32. g4 Bd7
33. Re7 Bxa4 34. Be6 Be8 35. Bxc8 Rxc8 36. d7 Bxd7 37. Rdxd7 Rf8 38. g5 h5 39.
gxh6+ Kxh6 40. Rxf7 Re8 41. h4 Re1+ 42. Kg2 Re2+ 43. Kg3 Rg2+ 44. Kxg2 g5 45.
Rd6+ Kh5 46. Rh7# {StrongBach checkmated} 1-0

[Event "ICS rated blitz match"]
[Site "207.99.83.229"]
[Date "1999.06.22"]
[Round "?"]
[White "SUPERCAR"]
[Black "Hossa"]
[Result "0-1"]
[WhiteElo "2145"]
[BlackElo "2335"]
[PlyCount "124"]

1. d4 Nf6 2. Nf3 g6 3. Bf4 d6 4. e3 Nh5 5. Bg5 h6 6. Bh4 g5 7. Bg3 Nxg3 8. hxg3
Bg7 9. Bd3 Rf8 10. c4 e5 11. Nc3 g4 12. Nh2 exd4 13. exd4 Bxd4 14. Nxg4 Qe7+
15. Kd2 Qg5+ 16. Ne3 Bxe3+ 17. fxe3 Na6 18. Kc2 Bg4 19. Qd2 Nb4+ 20. Kb3 Nxd3
21. Qxd3 O-O-O 22. a3 Rfe8 23. e4 f5 24. Rae1 fxe4 25. Nxe4 Qa5 26. Nc3 Be6 27.
Ka2 Qg5 28. Ne4 Qg8 29. b3 Qf8 30. Rhf1 Qh8 31. Nf6 Re7 32. Rxe6 Rxe6 33. Qf5
Qxf6 34. Qxf6 Rxf6 35. Rxf6 Rh8 36. Rf7 Re8 37. Rg7 Re2+ 38. Kb1 Rxg2 39. Rg6
h5 40. Rg5 Rh2 41. g4 hxg4 42. Rxg4 Kd7 43. b4 a6 44. Rg7+ Kc6 45. Rg6 b6 46.
Rg4 b5 47. cxb5+ axb5 48. Rg7 Rd2 49. Kc1 Ra2 50. Rg3 Rf2 51. Kb1 Re2 52. Rg7
Kb6 53. Rd7 Rf2 54. Re7 Kc6 55. Rf7 Rxf7 56. Kb2 Rf3 57. Ka2 Kd5 58. Kb2 Kc4
59. Ka2 Rb3 60. Ka1 Kd3 61. Ka2 Kc2 62. Ka1 62... Rxa3# {SUPERCAR checkmated}
0-1

[Event "ICS rated blitz match"]
[Site "207.99.83.229"]
[Date "1999.06.22"]
[Round "?"]
[White "Hossa"]
[Black "Data"]
[Result "0-1"]
[WhiteElo "2350"]
[BlackElo "2822"]
[PlyCount "84"]

1. d4 d5 2. c4 c6 3. Nf3 Nf6 4. Nc3 e6 5. e3 Nbd7 6. Bd3 dxc4 7. Bxc4 b5 8. Bd3
Bb7 9. O-O a6 10. e4 c5 11. e5 Nd5 12. Bg5 Nxc3 13. bxc3 Be7 14. Bxe7 Qxe7 15.
a4 b4 16. cxb4 cxb4 17. Nd2 O-O 18. Qh5 h6 19. Be4 Bxe4 20. Nxe4 a5 21. Rfc1
Rac8 22. Nd6 Rxc1+ 23. Rxc1 Nb6 24. Qd1 Qd7 25. Rc5 Qxa4 26. Qxa4 Nxa4 27. Rxa5
Nc3 28. Rc5 Rb8 29. Nc4 Ne2+ 30. Kf1 Nxd4 31. Rc7 b3 32. Nd2 b2 33. Nb1 Ra8 34.
Rb7 Rc8 35. Ke1 Rc1+ 36. Kd2 Rxb1 37. Kc3 Rc1+ 38. Kxb2 Rc2+ 39. Kb1 Rxf2 40.
Rb8+ Kh7 41. Rb4 Nc6 42. Rb5 42... Rxg2 {Hossa resigns} 0-1

[Event "ICS Rated blitz match"]
[Site "207.99.83.229"]
[Date "1999.06.22"]
[Round "?"]
[White "Data"]
[Black "Hossa"]
[Result "1-0"]
[WhiteElo "2824"]
[BlackElo "2348"]
[PlyCount "102"]

1. e4 c5 2. Nf3 e6 3. d4 cxd4 4. Nxd4 Nf6 5. Nc3 d6 6. g4 a6 7. g5 Nfd7 8. Be3
Be7 9. Qh5 O-O 10. O-O-O Nc6 11. Kb1 Nxd4 12. Rxd4 f6 13. f4 fxg5 14. fxg5 Ne5
15. Rd1 Rf3 16. Bd2 g6 17. Qh4 Qb6 18. Be2 Qf2 19. Qxf2 Rxf2 20. Be3 Rg2 21.
Bf1 Rg4 22. h3 Rg3 23. Bc1 Bd7 24. Bf4 Rxc3 25. bxc3 Nf7 26. h4 Rc8 27. Kb2 Rc6
28. Be2 Bd8 29. Rhf1 Ba5 30. Bd2 Bb6 31. a3 Bd8 32. c4 Be7 33. Be3 b6 34. Rf2
Ne5 35. Kb3 Bc8 36. c3 a5 37. Bd4 Nd7 38. Rdf1 e5 39. Rf7 Bd8 40. Be3 Rc7 41.
Kb2 Ba6 42. R1f2 Bb7 43. Bg4 Nf6 44. Rxc7 Nxg4 45. Rxb7 Nxe3 46. Ka2 Nxc4 47.
Rff7 d5 48. Rfd7 Be7 49. Rxe7 Kf8 50. Rf7+ Kg8 51. Rfc7 51... Nd6 {
Hossa resigns} 1-0

[Event "ICS Rated blitz match"]
[Site "207.99.83.229"]
[Date "1999.06.22"]
[Round "?"]
[White "Hossa"]
[Black "Lundbotanmats"]
[Result "1-0"]
[WhiteElo "2346"]
[BlackElo "2130"]
[PlyCount "47"]

1. e4 e6 2. d4 d5 3. Nc3 Bb4 4. e5 c5 5. a3 Bxc3+ 6. bxc3 Ne7 7. Qg4 g6 8. Nf3
Qa5 9. Bd2 c4 10. Be2 Qa4 11. Ra2 Nbc6 12. O-O Bd7 13. Qf4 Nf5 14. Qg5 Qa5 15.
Qf6 Rf8 16. Rb1 Qd8 17. Rxb7 Qxf6 18. exf6 Na5 19. Rb1 Ba4 20. Bf4 h6 21. g4 g5
22. Bc7 Nxd4 23. cxd4 Nc6 24. Rb7 {Lundbotanmats resigns} 1-0

[Event "ICS Rated blitz match"]
[Site "207.99.83.229"]
[Date "1999.06.22"]
[Round "?"]
[White "Hossa"]
[Black "dobrov"]
[Result "1-0"]
[WhiteElo "2353"]
[BlackElo "2204"]
[PlyCount "60"]

1. e4 c5 2. Nf3 Nc6 3. d4 cxd4 4. Nxd4 Nf6 5. Nc3 g6 6. Nxc6 bxc6 7. e5 Nd5 8.
Nxd5 cxd5 9. Qxd5 Rb8 10. Bc4 e6 11. Qd4 Bg7 12. O-O O-O 13. Bb3 d5 14. Qxa7
Bxe5 15. f4 Bd6 16. Qf2 Qc7 17. Be3 Ba6 18. Rfb1 Rfd8 19. Qh4 Bc4 20. Qf6 Be7
21. Qe5 Bd6 22. Qg5 Bxb3 23. cxb3 Rb4 24. Rc1 Qb8 25. Rf1 d4 26. Bd2 Rb5 27.
Qf6 Rf5 28. Qh4 h5 29. Rac1 Qa7 30. Qxd8+ 30... Kg7 {dobrov resigns} 1-0

[Event "ICS Rated blitz match"]
[Site "207.99.83.229"]
[Date "1999.06.22"]
[Round "?"]
[White "Data"]
[Black "Hossa"]
[Result "1-0"]
[WhiteElo "2828"]
[BlackElo "2360"]
[PlyCount "36"]

1. e4 c5 2. d4 cxd4 3. Nf3 e5 4. c3 Qa5 5. Bc4 Nf6 6. O-O Nxe4 7. Qe2 d5 8.
Nxe5 dxc3 9. Bb5+ Bd7 10. Nxd7 Nxd7 11. Nxc3 O-O-O 12. Nxd5 a6 13. Qc2+ Ndc5
14. Bc4 Kb8 15. b4 Qa4 16. Bb3 Qc6 17. bxc5 f5 18. Bf4+ 18... Ka7 {
Hossa resigns} 1-0

[Event "ICS Rated blitz match"]
[Site "207.99.83.229"]
[Date "1999.06.23"]
[Round "?"]
[White "Hossa"]
[Black "Secret"]
[Result "0-1"]
[WhiteElo "2358"]
[BlackElo "2706"]
[PlyCount "75"]

1. e4 c5 2. d4 cxd4 3. Nf3 Nc6 4. Nxd4 Nf6 5. Nxc6 bxc6 6. Bd3 g6 7. O-O Bg7 8.
e5 Nd5 9. Be4 Qc7 10. f4 Nb6 11. Be3 f6 12. Qd3 d5 13. exd6 exd6 14. f5 d5 15.
fxg6 dxe4 16. Qxe4+ Qe7 17. Qxc6+ Bd7 18. Qf3 O-O-O 19. Bxb6 axb6 20. gxh7 f5
21. c3 Rxh7 22. Qa8+ Kc7 23. Qa7+ Kc6 24. Qa4+ Kb7 25. Qc2 Be5 26. h3 Rg8 27.
Rf3 f4 28. Kf1 Bb5+ 29. c4 Bc6 30. Nd2 Rhg7 31. g4 fxg3 32. Qd3 g2+ 33. Kg1
Bh2+ 34. Kf2 g1=Q+ 35. Rxg1 Rxg1 36. Qe4 R8g2+ 37. Ke3 Re1+ 38. Kd3 {
Hossa resigns} 0-1

[Event "ICS rated blitz match"]
[Site "207.99.83.229"]
[Date "1999.06.23"]
[Round "?"]
[White "Data"]
[Black "Hossa"]
[Result "1-0"]
[WhiteElo "2759"]
[BlackElo "2354"]
[PlyCount "104"]

1. e4 c5 2. Nf3 d6 3. Bb5+ Bd7 4. Bxd7+ Qxd7 5. O-O e6 6. d4 cxd4 7. Nxd4 Nf6
8. Nc3 Be7 9. Qf3 O-O 10. Be3 Nc6 11. Nxc6 Qxc6 12. Rad1 a6 13. Rd4 Qb6 14. Rb1
Rac8 15. Rd3 Qb4 16. a3 Qa5 17. e5 dxe5 18. Qxb7 e4 19. Bb6 Qe5 20. Bd4 Qc7 21.
Qxc7 Rxc7 22. Rd2 Rfc8 23. Re1 Rc4 24. Red1 a5 25. Rc1 Bd6 26. Nb5 Bf4 27. Be3
Bxe3 28. fxe3 R4c5 29. Nd6 Rb8 30. c3 Rd5 31. Rxd5 Nxd5 32. Nc4 Rc8 33. Nxa5
Nxe3 34. Re1 Nc4 35. Nxc4 Rxc4 36. Kf2 f5 37. Rc1 Kf7 38. b4 f4 39. a4 e3+ 40.
Ke2 e5 41. a5 Rc6 42. b5 Rd6 43. Rc2 Rh6 44. b6 Rxh2 45. Kd3 Rh1 46. b7 Rb1 47.
a6 f3 48. gxf3 h5 49. a7 Rxb7 50. a8=Q Re7 51. Rg2 e2 52. Kxe2 52... g6 {
Hossa resigns} 1-0

[Event "ICS rated bullet match"]
[Site "207.99.83.229"]
[Date "1999.06.23"]
[Round "?"]
[White "JSBach"]
[Black "Hossa"]
[Result "0-1"]
[WhiteElo "1998"]
[BlackElo "2437"]
[PlyCount "76"]

1. e4 c5 2. Bc4 e6 3. Nc3 Nf6 4. Nf3 d5 5. exd5 exd5 6. Bb5+ Bd7 7. O-O Be7 8.
Bxd7+ Nbxd7 9. d4 O-O 10. dxc5 Nxc5 11. Bf4 Nce4 12. Qd3 Rc8 13. Nb5 a6 14. Na7
Rc4 15. Ne5 Nc5 16. Qd2 Nfe4 17. Qd1 Nc3 18. Qf3 Rxf4 19. Qxc3 Qd6 20. Rae1 Bf6
21. g3 Re4 22. f4 Qb6 23. Re3 Qxa7 24. Kh1 Na4 25. Qb3 Qxe3 26. Qxd5 Bxe5 27.
fxe5 Nc5 28. Qd6 Rxe5 29. b4 Ne4 30. Qc7 Nxg3+ 31. hxg3 Qxg3 32. Qxe5 Qxe5 33.
c4 Qc3 34. Rb1 Qf3+ 35. Kg1 Qg3+ 36. Kh1 Rd8 37. c5 Rd2 38. Rg1 38... Qh3# {
JSBach checkmated} 0-1

[Event "ICS Rated blitz match"]
[Site "207.99.83.229"]
[Date "1999.06.23"]
[Round "?"]
[White "Hossa"]
[Black "LoadedGun"]
[Result "1-0"]
[WhiteElo "2351"]
[BlackElo "1965"]
[PlyCount "77"]

1. e4 c5 2. Nf3 e6 3. d4 cxd4 4. Nxd4 Nf6 5. Nc3 d6 6. g4 h6 7. h4 Nc6 8. Rg1
h5 9. gxh5 Nxh5 10. Bg5 Nf6 11. Qd2 Qb6 12. Nb3 a6 13. O-O-O Bd7 14. Be3 Qc7
15. f4 Rxh4 16. Qf2 Rh7 17. Bb6 Qb8 18. Be2 g6 19. Rh1 Bh6 20. Nd2 Kf8 21. Rh4
Bg7 22. Nc4 Bh6 23. Nxd6 e5 24. Rxh6 Rxh6 25. fxe5 Be6 26. exf6 Rh3 27. Na4 Kg8
28. Nc5 Bc8 29. Qf4 Rh7 30. e5 Nxe5 31. Qxe5 Bh3 32. Rg1 Kh8 33. Bc4 a5 34.
Bxf7 Qxd6 35. Qxd6 Rxf7 36. Rxg6 Rh7 37. f7 Rxf7 38. Qe5+ Rg7 39. Qxg7# {
LoadedGun checkmated} 1-0

[Event "ICS Rated blitz match"]
[Site "207.99.83.229"]
[Date "1999.06.23"]
[Round "?"]
[White "Secret"]
[Black "Hossa"]
[Result "1-0"]
[WhiteElo "2671"]
[BlackElo "2350"]
[PlyCount "119"]

1. d4 d5 2. c4 c6 3. Nc3 dxc4 4. e4 b5 5. a4 b4 6. Nb1 Ba6 7. Nf3 Nf6 8. e5 Nd5
9. Be2 e6 10. Bd2 Be7 11. O-O O-O 12. Re1 c5 13. Qc2 cxd4 14. Bxc4 Qc7 15. Rc1
Bxc4 16. Qxc4 Qxc4 17. Rxc4 d3 18. Ne1 Nd7 19. Nxd3 Rac8 20. Rg4 Kh8 21. Be1
Rc2 22. Nd2 Rfc8 23. Nf3 Nc5 24. Nxb4 Rxb2 25. Nxd5 exd5 26. Rd1 Rd8 27. Rgd4
Rb7 28. Kf1 Rbd7 29. Ba5 Re8 30. Rxd5 Rxd5 31. Rxd5 Nxa4 32. Rd7 a6 33. Ra7 g6
34. Rxa6 Nc5 35. Ra7 Ne6 36. Nd2 Kg7 37. Ne4 Bc5 38. Rd7 Ba3 39. Nd6 Rf8 40.
Bd2 Bc5 41. Ke2 Bd4 42. f4 Bg1 43. Be3 Bxh2 44. Kf3 g5 45. f5 Nf4 46. g3 Nd3
47. Nxf7 Rxf7 48. f6+ Kg6 49. Rxd3 Kf5 50. Bd4 Rd7 51. Kg2 Bxg3 52. Kxg3 h5 53.
Rf3+ Ke6 54. Bc5 Rf7 55. Bd6 Ra7 56. Be7 Ra8 57. Bc5 g4 58. Rf1 Kd5 59. Bd6 Rc8
60. f7 {Hossa resigns} 1-0

[Event "ICS Rated blitz match"]
[Site "207.99.83.229"]
[Date "1999.06.23"]
[Round "?"]
[White "LoadedGun"]
[Black "Hossa"]
[Result "1-0"]
[WhiteElo "1962"]
[BlackElo "2346"]
[PlyCount "72"]

1. e4 c5 2. Nc3 Nc6 3. g3 g6 4. Bg2 Bg7 5. d3 e6 6. Be3 Qb6 7. Rb1 Nf6 8. h3 d6
9. a3 O-O 10. Nge2 d5 11. exd5 exd5 12. Nxd5 Nxd5 13. Bxd5 Bxb2 14. Qd2 Bf5 15.
c3 Ne5 16. Nf4 Nxd3+ 17. Nxd3 Bxc3 18. Qxc3 Qxb1+ 19. Nc1 Rad8 20. Bh6 Rfe8+
21. Kf1 Qxc1+ 22. Bxc1 Rxd5 23. Bb2 Rd4 24. Qc1 Rd6 25. Kg2 Be4+ 26. f3 Bc6 27.
Rf1 Re2+ 28. Rf2 Rxf2+ 29. Kxf2 Rd3 30. Ke1 Rb3 31. Qf4 Rxb2 32. Qb8+ Kg7 33.
Qe5+ Kg8 34. Qxb2 c4 35. Qf6 h5 36. Kd2 36... Be8 {Hossa resigns} 1-0

[Event "ICS Rated bullet match"]
[Site "207.99.83.229"]
[Date "1999.06.23"]
[Round "?"]
[White "Hossa"]
[Black "Amateur"]
[Result "0-1"]
[WhiteElo "2439"]
[BlackElo "2434"]
[PlyCount "158"]

1. d4 Nf6 2. c4 e6 3. Nf3 d5 4. Nc3 Be7 5. Bg5 h6 6. Bxf6 Bxf6 7. e3 O-O 8. Rc1
c6 9. Bd3 dxc4 10. Bxc4 Nd7 11. O-O e5 12. Ne4 exd4 13. exd4 Nb6 14. Nxf6+ Qxf6
15. Ne5 Nxc4 16. Rxc4 Be6 17. Ra4 Rfe8 18. Re1 Qf5 19. Rb4 f6 20. Nf3 b5 21.
Nh4 Qh7 22. d5 Bxd5 23. a4 Bc4 24. axb5 cxb5 25. Rxe8+ Rxe8 26. h3 a5 27. Rxb5
Bxb5 28. Qd5+ Kf8 29. Qc5+ Kg8 30. Qd5+ Kh8 31. Qxb5 Qe4 32. g4 Re5 33. Qb8+
Re8 34. Qc7 Qe1+ 35. Kg2 Re2 36. Qd8+ Re8 37. Qc7 Qe4+ 38. Kg1 Qb1+ 39. Kg2 Qa2
40. Ng6+ Kh7 41. Nf4 a4 42. Qd7 Re5 43. Qd3+ Kg8 44. Qd8+ Kf7 45. Qd7+ Re7 46.
Qc6 Qb3 47. Nd5 Rb7 48. Nc3 Rb4 49. Qd7+ Kg8 50. Qc8+ Kh7 51. Qf5+ Kh8 52. Qa5
Rc4 53. Qd8+ Kh7 54. Qd3+ Kg8 55. Qd5+ Kh8 56. Qd8+ Kh7 57. Qd3+ f5 58. gxf5
Qb7+ 59. Kg1 Qf7 60. f6+ Qg6+ 61. Qxg6+ Kxg6 62. fxg7 Kxg7 63. Nd5 Kf7 64. Kg2
Ke6 65. Ne3 Rb4 66. Nd1 Rb3 67. h4 Kf6 68. Ne3 Rxb2 69. Nd5+ Ke6 70. Nf4+ Kd6
71. Nd3 Rb1 72. f3 a3 73. Nf2 a2 74. Ne4+ Ke5 75. Kg3 Rg1+ 76. Kh2 a1=Q 77. Nf2
Qf1 78. Nd3+ Kf5 79. Nf2 79... Qg2# {Hossa checkmated} 0-1

[Event "ICS Rated bullet match"]
[Site "207.99.83.229"]
[Date "1999.06.23"]
[Round "?"]
[White "Amateur"]
[Black "Hossa"]
[Result "0-1"]
[WhiteElo "2450"]
[BlackElo "2423"]
[PlyCount "116"]

1. g3 c5 2. Bg2 d5 3. Nf3 Nf6 4. Nc3 d4 5. Na4 Qa5 6. b3 Nc6 7. c3 Bd7 8. O-O
e5 9. cxd4 cxd4 10. d3 Be7 11. Qd2 Qxd2 12. Bxd2 O-O 13. Rac1 Ba3 14. Rc2 b6
15. Bg5 Be7 16. Rfc1 Rac8 17. Nb2 b5 18. a4 a6 19. Bh4 Bb4 20. Bxf6 gxf6 21.
axb5 axb5 22. Nh4 Bc3 23. Rb1 Nb4 24. Rcc1 Bxb2 25. Rxc8 Rxc8 26. Rxb2 Be6 27.
f4 Rc3 28. Nf3 Rxb3 29. Rxb3 Bxb3 30. fxe5 fxe5 31. Nxe5 Nc2 32. Kf2 b4 33. h4
f5 34. Nc6 Be6 35. g4 b3 36. gxf5 Bf7 37. Ne7+ Kf8 38. Nc8 b2 39. Nd6 b1=Q 40.
Nxf7 Qe1+ 41. Kf3 Kxf7 42. h5 Qh4 43. e4 dxe3 44. d4 Qf2+ 45. Ke4 Qxg2+ 46. Ke5
Qh2+ 47. Kd5 Qxh5 48. Ke4 Qg4+ 49. Kd3 Qxf5+ 50. Kc4 Nxd4 51. Kxd4 Qc5+ 52.
Kxc5 Ke6 53. Kd4 e2 54. Ke3 e1=Q+ 55. Kf4 Qe2 56. Kg3 Kf5 57. Kh3 Kf4 58. Kh4
58... Qh2# {Amateur checkmated} 0-1

[Event "ICS Rated bullet match"]
[Site "207.99.83.229"]
[Date "1999.06.23"]
[Round "?"]
[White "Hossa"]
[Black "Amateur"]
[Result "1-0"]
[WhiteElo "2440"]
[BlackElo "2433"]
[PlyCount "139"]

1. e4 e5 2. Nf3 Nc6 3. Bb5 a6 4. Ba4 Nf6 5. O-O Be7 6. Re1 b5 7. Bb3 d6 8. c3
O-O 9. h3 Na5 10. Bc2 c5 11. d4 Bb7 12. dxe5 dxe5 13. Qxd8 Bxd8 14. Nxe5 Re8
15. Ng4 Nxg4 16. hxg4 Bc7 17. Nd2 Re6 18. a4 bxa4 19. Rxa4 Bc6 20. Ra3 c4 21.
Nf3 Rg6 22. g5 Re8 23. e5 Rge6 24. Be4 Bxe4 25. Rxe4 Rc8 26. Nd4 Ree8 27. Bf4
Bb6 28. Ra1 Rcd8 29. Rf1 Re7 30. Nf5 Re6 31. Rfe1 Rc8 32. Nd6 Rc6 33. Rd1 Re7
34. Rd5 Bc7 35. Nf5 Re8 36. Rd7 Bd8 37. Red4 Bb6 38. Ne7+ Kf8 39. Nxc6 Nxc6 40.
Rxc4 Nxe5 41. Re4 f6 42. gxf6 Nxd7 43. fxg7+ Kxg7 44. Rxe8 Kf6 45. Rc8 Kf5 46.
Bc7 Bc5 47. Ra8 Nf6 48. Rxa6 Ne4 49. Bb6 Bxb6 50. Rxb6 Ke5 51. Kf1 Nd6 52. Ke2
Kd5 53. Kd3 Ke5 54. f4+ Ke6 55. Kd4 Kd7 56. g4 Ke7 57. Kd5 Ne8 58. Rb7+ Kf8 59.
b4 Kg8 60. g5 Ng7 61. b5 Nh5 62. Ke5 h6 63. gxh6 Kh8 64. b6 Kg8 65. Rc7 Kh8 66.
b7 Ng7 67. hxg7+ Kg8 68. b8=Q+ Kh7 69. Qh8+ Kg6 70. g8=Q# {Amateur checkmated}
1-0

[Event "ICS Rated blitz match"]
[Site "207.99.83.229"]
[Date "1999.06.23"]
[Round "?"]
[White "Hossa"]
[Black "MoonShot"]
[Result "0-1"]
[WhiteElo "2317"]
[BlackElo "2639"]
[PlyCount "115"]

1. e4 d5 2. exd5 Nf6 3. Bb5+ Bd7 4. Bc4 Bg4 5. f3 Bc8 6. Nc3 Nbd7 7. d3 Nb6 8.
Bf4 Nfxd5 9. Bxd5 Nxd5 10. Qd2 Nxf4 11. Qxf4 Qd6 12. Qxd6 cxd6 13. Nd5 Kd7 14.
O-O-O e6 15. Nc3 Be7 16. f4 b6 17. Nf3 Bb7 18. Rhf1 Rac8 19. Nb5 Rc5 20. c4 Bf6
21. g4 a6 22. Nbd4 Ra5 23. Kb1 Re8 24. Nb3 Bxf3 25. Rxf3 Ra4 26. g5 Be7 27. Nd4
d5 28. Nc2 Bd6 29. b3 Ra5 30. Kb2 Rc5 31. d4 Rc6 32. cxd5 exd5 33. Ne3 Re4 34.
h4 b5 35. Nxd5 Re2+ 36. Kb1 Rcc2 37. Nc3 Rb2+ 38. Ka1 Rec2 39. Rc1 Ba3 40. Rff1
Rg2 41. Rg1 Rh2 42. f5 Rbd2 43. d5 b4 44. Na4 Bxc1 45. Rxc1 Rxa2+ 46. Kb1 Kd6
47. g6 fxg6 48. fxg6 Ra3 49. Nb6 Rxb3+ 50. Ka1 Rc3 51. Rxc3 bxc3 52. gxh7 Rxh4
53. Kb1 Kc5 54. Na4+ Kb4 55. d6 Kxa4 56. Kc1 Kb3 57. Kd1 c2+ 58. Ke2 {
Hossa resigns} 0-1

[Event "ICS Rated blitz match"]
[Site "207.99.83.229"]
[Date "1999.06.23"]
[Round "?"]
[White "Hossa"]
[Black "JenMan"]
[Result "1-0"]
[WhiteElo "2313"]
[BlackElo "2108"]
[PlyCount "97"]

1. e4 c5 2. Nf3 e6 3. d4 cxd4 4. Nxd4 Nf6 5. Nc3 Bb4 6. e5 Nd5 7. Qg4 O-O 8.
Bh6 g6 9. Bxf8 Qxf8 10. Qg3 Qc5 11. Nde2 b6 12. O-O-O Nxc3 13. Nxc3 Nc6 14. f4
Bxc3 15. Qxc3 Qxc3 16. bxc3 Kf8 17. Bb5 Ke7 18. Rhf1 Na5 19. Rd4 Nb7 20. Ba6
Nc5 21. Bxc8 Rxc8 22. h4 h5 23. c4 Rc7 24. Rf3 a6 25. Rd6 Rc6 26. Rxc6 dxc6 27.
Kd2 Kd7 28. Kc3 Kc7 29. Kd4 Na4 30. Ra3 Nc5 31. Rc3 Kb7 32. a3 Kc7 33. Re3 Kb7
34. Re2 Kc7 35. Re1 Kb7 36. Rc1 Kc7 37. Ra1 Kb7 38. Rd1 Kc7 39. Rb1 Kb7 40. g3
Kc7 41. Rc1 Kb7 42. Ra1 Kc7 43. Rb1 Kb7 44. Rd1 Kc7 45. Re1 Kb7 46. Ke3 Kc7 47.
Rd1 Kb7 48. Rd8 Kc7 49. Rf8 {JenMan resigns} 1-0

[Event "ICS Rated blitz match"]
[Site "207.99.83.229"]
[Date "1999.06.23"]
[Round "?"]
[White "MoonShot"]
[Black "Hossa"]
[Result "1-0"]
[WhiteElo "2643"]
[BlackElo "2321"]
[PlyCount "102"]

1. e4 c5 2. Nf3 Nc6 3. Bb5 d6 4. d4 cxd4 5. Qxd4 Bd7 6. Bxc6 bxc6 7. Nc3 e5 8.
Qc4 Be7 9. Be3 Nf6 10. O-O O-O 11. Rad1 Ng4 12. Bc1 Rb8 13. Nd2 Kh8 14. h3 Nf6
15. Qe2 Be6 16. Nb3 Rb4 17. Rfe1 Bc4 18. Qf3 Qd7 19. Bg5 Qe6 20. Rd2 Rbb8 21.
Qf5 Qxf5 22. exf5 Rbd8 23. Na5 Bd5 24. Nxd5 cxd5 25. Nc6 Rd7 26. Nxe7 Rxe7 27.
Bxf6 gxf6 28. Rxd5 Rb7 29. b3 Rc8 30. c4 Rb6 31. Red1 Rcc6 32. Kh2 h5 33. Kg3
Kg7 34. Kh4 Kh6 35. R1d3 Ra6 36. a4 e4 37. R3d4 Rcb6 38. Rb5 Rxb5 39. cxb5 Rb6
40. b4 d5 41. Rxd5 a6 42. a5 Rb8 43. b6 Re8 44. b5 e3 45. fxe3 Re4+ 46. g4 hxg4
47. hxg4 axb5 48. b7 Kg7 49. b8=Q Rxe3 50. Rd8 b4 51. Rg8+ 51... Kh7 {
Hossa resigns} 1-0

[Event "ICS Rated blitz match"]
[Site "207.99.83.229"]
[Date "1999.06.23"]
[Round "?"]
[White "Hossa"]
[Black "supernerd"]
[Result "1-0"]
[WhiteElo "2317"]
[BlackElo "2314"]
[PlyCount "57"]

1. e4 e5 2. Nf3 d6 3. Bc4 Be7 4. d3 Nf6 5. c3 h6 6. O-O c6 7. Be3 Nbd7 8. Qb3
Rf8 9. a4 b6 10. Nbd2 a6 11. d4 Qc7 12. dxe5 dxe5 13. Rad1 Rb8 14. Qc2 b5 15.
axb5 axb5 16. Ba2 Rg8 17. Qb3 Rf8 18. Nh4 Nc5 19. Bxc5 Bxc5 20. Qc2 Nh5 21. b4
Ba7 22. Nf5 Bxf5 23. exf5 Ke7 24. Ne4 Rfd8 25. g3 Rxd1 26. Rxd1 Rd8 27. Rxd8
Qxd8 28. Qb3 Qe8 29. Qd1 {supernerd resigns} 1-0